00624 2200217 4500001002100000005001500021035002000036245005600056100001800112250001000130300003700140260004700177082001100224084001700235020001900252600002800271600003100299600004500330505001100375990002000386INLIS00000000000448720230919080302 a0010-09230000941 aEnsklopedia Keterampilan Sepakbola /cClive Gifford0 aClive Gifford aCet.1 a48 hlm, :bilus ;c18 x 25,2 cm. aYogyakarta. :bPT.Citra Aji Parama,c2007. a796.33 a796.33 CLI e a978979146417-8 aPenyunting,Ir Rudiyanto aPewajah Ulang,Deni Sarjoko aPenata LetakUlang,Vera Prasetyaning Tyas aIndeks a12994/P/BL/2016